000 00649nam a2200205Ia 4500
003 BUBTL
008 151213s9999 xx 000 0 und d
082 _a658.45/BOC
100 _aBoone, Louis E.
_93821
245 _aContemporary business Communication
_cL .E. Boone, David L. Kurtz and Judy R. Block
260 _aNew Jersey
_bPrentic Hall
300 _a[xxv] , 702 p . :
_bill . Graph , ; 27cm.
500 _aIncludes Index
650 _aManagement
_93822
650 _aManagement
_93822
700 _aL .E. Boone, David L. Kurtz and Judy R. Block
_93823
856 _k0
_l0
_yDownload
942 _2ddc
_cBK
999 _c1832
_d1832